| 000 | 00811nam a2200205Ii 4500 | ||
|---|---|---|---|
| 003 | JO-AjNU | ||
| 008 | 230605s9999||||xx |||||||||||||| ||und|| | ||
| 040 |
_aJO-AjNU _bara _erda _cJO-AjNU |
||
| 041 | _aara | ||
| 050 | 1 | 4 | _aBP955.A32.A32 2008 |
| 100 | 3 |
_aعبابنة، عمر يوسف عبد الله, _eauthor _930656 |
|
| 245 | 0 | 0 | _aالدفع بالتقسيط عن طريق البطاقات الأئتمانية |
| 250 | _aط1 | ||
| 264 | 3 | 1 | _aعمان: دار النفائس للنشر والتوزيع، 2008 |
| 300 |
_a188ص _bالمصادر والمراجع ص169-182 |
||
| 336 |
_atext _btxt _2rdacontent |
||
| 337 |
_aunmediated _bn _2rdamedia |
||
| 338 |
_avolume _bnc _2rdacarrier |
||
| 650 | 4 |
_aبطاقات الإئتمان- البيع بالتقسيط- الاقتصاد الاسلامي _930657 |
|
| 999 |
_aA12178 _c15746 _d15746 |
||